Strategic management and competitive advantage / (Record no. 90294)

MARC details
000 -LEADER
fixed length control field 00835nam a22002657a 4500
005 - DATE AND TIME OF LATEST TRANSACTION
control field 20141212121103.0
010 ## - LCCN (DPL NO)
LC control number ENG-111371
020 ## - INTERNATIONAL STANDARD BOOK NUMBER
International Standard Book Number 9788120350441
Terms of availability 495.00
035 ## - SYSTEM CONTROL NUMBER
System control number EN-94903
037 ## - SOURCE OF ACQUISITION
Source of stock number/acquisition DBAD/PUB
082 ## - DEWEY DECIMAL CLASSIFICATION NUMBER
Classification number 658.4012
100 ## - MAIN ENTRY--PERSONAL NAME
Personal name Barney, Jay B.
245 ## - TITLE STATEMENT
Title Strategic management and competitive advantage /
Statement of responsibility, etc by Jay B. Barney [and] William S. Hesterly
250 ## - EDITION STATEMENT
Edition statement 5th ed
260 ## - PUBLICATION, DISTRIBUTION, ETC. (IMPRINT)
Place of publication, distribution, etc New Delhi
Name of publisher, distributor, etc PHI Learning
Date of publication, distribution, etc 2015
270 ## - ADDRESS
Address Rimjhim House, 111, Patparganj Industrial Estate
City New Delhi
Postal code 110092
300 ## - PHYSICAL DESCRIPTION
Extent xxi, 373p. :
Dimensions 25cm(pbk)
Other physical details ill.
500 ## - GENERAL NOTE
General note Includes indexes
650 ## - SUBJECT ADDED ENTRY--TOPICAL TERM
Topical term or geographic name as entry element Strategic planning.
650 ## - SUBJECT ADDED ENTRY--TOPICAL TERM
Topical term or geographic name as entry element Business planning.
650 ## - SUBJECT ADDED ENTRY--TOPICAL TERM
Topical term or geographic name as entry element Industrial management.
650 ## - SUBJECT ADDED ENTRY--TOPICAL TERM
Topical term or geographic name as entry element Competition.
700 ## - ADDED ENTRY--PERSONAL NAME
Personal name Hesterly, William S.
942 ## - ADDED ENTRY ELEMENTS (KOHA)
Source of classification or shelving scheme Dewey Decimal Classification
Item type English Books
Call number suffix BAR
Classification part 658.4012
Holdings
Withdrawn status Lost status Not for loan Collection code Home library Current library Date acquired Source of acquisition Cost, normal purchase price Full call number Barcode Copy number Cost, replacement price Koha item type
    Not For Loan Non-fiction D.B.Act.Division D.B.Act.Division 27/11/2014 DBAD/PUB 495.00 658.4012 BAR EN-94903 1 495.00 English Books

© Delhi Public Library
Hit Counter
free hit counter